[Event "EWCCC Online Preliminary-D 2020"]
[Site "Online"]
[Date "2020.12.19"]
[Round "8.4"]
[White "Unuk, Laura"]
[Black "Corke, Anya S"]
[Result "1/2-1/2"]
[WhiteElo "2346"]
[BlackElo "2255"]
[Annotator "TA"]
[PlyCount "68"]
[EventDate "2020.12.19"]
[EventType "team-tourn"]
[EventCountry "NET"]
[SourceTitle "playchess.com"]
[Source "ChessBase"]
[SourceQuality "1"]

{[%evp 11,68,25,26,18,18,11,19,10,28,14,31,-8,-8,-5,14,-6,0,0,0,0,-5,-162,-158,-147,-113,-122,-110,-103,-123,-208,-177,-180,-113,-98,-100,-102,9,0,62,71,70,71,72,62,510,202,211,0,454,0,0,0,0,0,0,0,0,0,0]} 1. d4 Nf6 2. c4 c6 3. Nf3 d5 4. e3 Bf5 5. Nc3 e6 6. Nh4 Bg6 7. Be2 {D12: Slav Defence: 3 Nf3 Nf6 4 e3 Bf5.} Be7 8. Nxg6 hxg6 9. Bd2 Nbd7 10. Qb3 Qb6 11. Qc2 dxc4 12. Bxc4 Qc7 {[#]} 13. f4 $146 ({Predecessor:} 13. h3 Nb6 14. Bb3 c5 15. Na4 Qc6 16. O-O Nxa4 17. Bxa4 b5 18. Bb3 c4 19. a4 {½-½ (49) Dreev,A (2690)-Rustemov,A (2604) Dos Hermanas 2003}) 13... O-O-O 14. Be2 Nd5 15. g3 g5 16. e4 $2 (16. Nxd5 $11 {and White is okay.} exd5 17. fxg5) 16... Nb4 $19 17. Qb3 gxf4 18. Bxf4 e5 19. Bxe5 Nxe5 20. dxe5 (20. O-O-O $17 Nbd3+ 21. Bxd3 Rxd4 22. Be2 Bg5+ 23. Kb1) 20... Qxe5 {Threatens to win with ...Rxh2!} 21. O-O Bc5+ (21... Rd2 $19 22. Rad1 Bc5+ 23. Kh1 Rxe2 $1 {[%mdl 512]} 24. Nxe2 Qh5 $1 {[%mdl 576] Double Attack}) 22. Kg2 $17 Bd6 {( -> ...Rxh2+!)} 23. Rf3 {[#]} (23. Rxf7 Rxh2+ $1 {[%mdl 512]} 24. Kf1 Rh1+ 25. Kg2 Qxg3+ 26. Kxh1 Qh2#) 23... Rh6 (23... f5 $1 $17 {[%mdl 512] And now ...Rh6 would win.} 24. Rd1 (24. Rxf5 Rxh2+ 25. Kf1 Rh1+ 26. Kg2 Qxg3+ 27. Kxh1 Qh2#) (24. exf5 Nd5) 24... g5 25. exf5 (25. Rxf5 {leads to mate.} Rxh2+ 26. Kf1 Rh1+ 27. Kg2 Qxg3+ 28. Kxh1 Qh2#) 25... g4) 24. a3 $11 Rdh8 ({Black should play} 24... Na6 $11) 25. Rh1 $1 $14 Na6 26. Bxa6 (26. Rxf7 {gets mated.} Rxh2+ $1 {[%mdl 512]} 27. Rxh2 Rxh2+ 28. Kf1 Rh1+ 29. Kg2 Qxg3+ 30. Kxh1 Qh2#) 26... bxa6 27. Qc4 Bc5 $2 {[%mdl 8192]} ({Black should try} 27... Bc7 $14) 28. Qxa6+ $2 (28. Rf5 Qd4 29. Qxc5 Qxc5 30. Rxc5) 28... Kb8 $18 29. Na4 $2 (29. Rxf7 $18 {[%csl Gf7][%cal Ra6b7]} Rxh2+ {[%mdl 64] Decoy} 30. Rxh2 Rxh2+ 31. Kxh2 Qh5+ 32. Kg2 Qxf7 33. Qxc6) 29... Qxe4 $4 {[%mdl 8192] [#]} (29... Qd4 $1 $11 30. Nxc5 Qxb2+ 31. Kf1 (31. Kg1 Qd4+ 32. Kf1 Qd1+ {[%mdl 64] Double Attack} 33. Kg2 Qd2+ 34. Kg1 Qd4+ 35. Kg2 Qd2+ 36. Kg1 Qd4+ $11) 31... Qb1+ 32. Kg2 Qc2+ 33. Kf1 Qc1+ 34. Kg2 Qd2+ 35. Kg1 Qd4+ 36. Kf1 Qd1+ {[%mdl 64] Double Attack} 37. Kg2 Qd2+ 38. Kg1 Qd4+ 39. Kg2 Qd2+) 30. Nxc5 $2 ({White has to play} 30. Qb7+ $1 $18 {[%mdl 512]} Kxb7 31. Nxc5+ Kb8 32. Nxe4) 30... Qc2+ $11 {[%mdl 64] Double Attack. The position is equal.} 31. Kf1 $1 {[%csl Gc5][%cal Ra6b7]} Qd1+ 32. Kg2 {[%csl Gc5][%cal Ra6b7]} Qc2+ 33. Kf1 $1 {[%csl Gc5][%cal Ra6b7]} Qd1+ 34. Kg2 {[%csl Gc5][%cal Ra6b7]} Qc2+ {White used his chance.  Weighted Error Value: White=0.54/Black=0.68} 1/2-1/2

[Event "EWCCC Online Preliminary-D 2020"]
[Site "Online"]
[Date "2020.12.19"]
[Round "8.4"]
[White "Hrescak, Ivana"]
[Black "Grigoryan, Meri"]
[Result "1/2-1/2"]
[WhiteElo "2212"]
[BlackElo "2044"]
[Annotator "TA"]
[PlyCount "87"]
[EventDate "2020.12.19"]
[EventType "team-tourn"]
[EventCountry "NET"]
[SourceTitle "playchess.com"]
[Source "ChessBase"]
[SourceQuality "1"]

{[%evp 9,87,0,0,-39,-43,-91,-84,-110,-105,-105,-100,-87,-70,-232,-129,-114,-89,-85,-106,-94,-98,-94,-106,-93,-28,-28,0,-14,18,0,0,0,13,10,22,-161,-177,-224,-240,-373,-373,-401,-177,-170,-169,-173,-168,-243,-176,-156,-167,-151,-91,-120,-120,-90,-71,-422,-44,-48,-39,-79,-24,-72,0,-387,-359,-434,-306,-462,-248,-262,-262,-433,0,-220,0,-382,0,-204]} 1. d4 d5 2. c4 e5 3. cxd5 Qxd5 4. dxe5 Qxd1+ 5. Kxd1 Nc6 6. f4 {D08: Albin Counter Gambit.} Bf5 {[%mdl 1024] Black has compensation.} 7. e3 O-O-O+ {[#]} 8. Bd2 $146 {Black is better.} ({Predecessor:} 8. Ke1 f6 9. exf6 Nxf6 10. Bd2 Bc5 11. Bb5 Rhe8 12. Bxc6 bxc6 13. Nc3 Bxe3 14. Bxe3 Rxe3+ {0-1 (28) Konecny,V (1837)-Novosadova,K (2146) Karvina 2012}) 8... Bc5 9. Ke1 f6 10. Nf3 fxe5 11. Ng5 $2 (11. Nxe5 $15 Nxe5 12. fxe5) 11... Nh6 (11... exf4 $19 12. Nf7 Nf6 13. Nxh8 Rxh8) 12. e4 $17 exf4 {White must now prevent ...Rhe8.} 13. exf5 Rhe8+ (13... Nxf5 $6 14. Kd1 $11) 14. Kd1 Ng4 $1 {[%cal Rg4f2] aiming for ...Nf2+.} ({Reject} 14... Nxf5 $6 15. Kc1 $11) 15. Ne6 Nf2+ 16. Kc1 Nxh1 (16... Rxe6 $17 17. fxe6 Nxh1 18. Bxf4 Nd4) 17. Nxc5 $11 Nf2 (17... Rd5 $5 {[%cal Rd5c5]} 18. Nd3 Rxf5 $11) 18. Nc3 Nd4 19. Ne6 Nxe6 20. fxe6 Rxe6 {Threatens to win with ...Red6.} 21. Kc2 g5 22. Bc4 $2 (22. Be2 $1 $11 {and White has nothing to worry.}) 22... Red6 $1 $19 {[%cal Rd6d2]} 23. Be1 Ng4 24. b3 (24. b4 $142) 24... Ne3+ {[%mdl 64] Double Attack} 25. Kb2 {[#]} Nxg2 (25... Rd2+ $142 $1 {[%mdl 512]} 26. Bxd2 Rxd2+ {[%mdl 64] Double Attack} 27. Kb1 Rxg2) 26. Ne4 Rd1 27. Rxd1 Rxd1 28. Bc3 (28. Bf2 $142) 28... Ne3 29. Be6+ Kb8 30. Nxg5 Rg1 ({Black should play} 30... h6 31. Ne4 f3) 31. Bf6 $17 Rg2+ 32. Kc3 Rxh2 33. a4 $2 {[%mdl 8192] [#]} (33. Be5 $17) 33... h6 $2 (33... Rh6 $1 $19 34. Bd4 Rg6) 34. Nf3 $15 Rf2 35. Ne5 Nd1+ (35... f3 $17 {And now ...Re2 would win.} 36. Kd3 Nf1) 36. Kd4 h5 (36... Re2 $17 37. Bf5 Re3) 37. Nd3 $2 {[%mdl 8192]} (37. Bg5 $11) 37... Rd2 $19 38. Ke4 f3 39. Bh4 (39. Nf4 {is the only way for White.} f2 40. Bh3) 39... f2 (39... Rh2 $142 40. Bg3 Re2+ 41. Kf5 f2 42. Nxf2 Nxf2) 40. Bh3 Re2+ 41. Kd4 $2 (41. Kf4) 41... Rd2 (41... b6 $142 {Strongly threatening ...c5+.} 42. b4 Ra2) 42. Ke4 $1 {[#]} Re2+ $2 (42... Rc2 $1 43. Bf1 Rc3 44. Nxf2 Rxb3) 43. Kd4 Rd2 (43... b6 $142 {Hoping for ...c5+.} 44. b4 Ra2) 44. Ke4 $1 {Accuracy: White = 40%, Black = 51%.} 1/2-1/2

[Event "EWCCC Online Preliminary-D 2020"]
[Site "Online"]
[Date "2020.12.19"]
[Round "8.4"]
[White "Sarakauskiene, Zivile"]
[Black "Heinemann, Josefine"]
[Result "1/2-1/2"]
[WhiteElo "2101"]
[BlackElo "2302"]
[Annotator "TA"]
[PlyCount "55"]
[EventDate "2020.12.19"]
[EventType "team-tourn"]
[EventCountry "NET"]
[SourceTitle "playchess.com"]
[Source "ChessBase"]
[SourceQuality "1"]

{[%evp 22,55,0,-11,16,-95,-29,-90,-82,-83,-87,-91,0,0,0,0,0,0,0,0,23,0,47,0,0,0,0,0,0,0,0,0,0,0,0,0]} 1. e4 c5 2. Nf3 d6 3. d4 cxd4 4. Nxd4 Nf6 5. Nc3 a6 6. Bg5 e6 7. f4 Qb6 8. Nb3 Be7 9. Qf3 Nbd7 10. O-O-O Qc7 11. Bd3 b5 12. Rhe1 Bb7 {B97: Sicilian Najdorf: Poisoned Pawn.} 13. Qe2 {[#]} (13. a3 $11 {keeps the balance.}) 13... Rc8 $146 (13... b4 $17 14. Nb1 h6 15. Bxf6 Nxf6) ({Predecessor:} 13... b4 14. Nd5 exd5 15. exd5 O-O 16. Qxe7 Rfe8 17. Bxf6 Rxe7 18. Bxe7 Bxd5 19. Bxh7+ Kxh7 20. Rxd5 {0-1 (37) Kakuk,S (2200)-To,N (2354) Budapest 2014}) 14. e5 (14. a3 $11) 14... dxe5 $17 {Black is better.} 15. fxe5 Nd5 16. Bd2 Nc5 ({Black should play} 16... Nb4 $17 17. Be4 O-O) 17. Nxc5 $11 Nxc3 $1 18. Bxc3 {[#] Hoping for Nxe6!} Qxc5 19. Kb1 O-O 20. h4 Rfd8 21. Rf1 Bf8 22. Bxh7+ ({Of course not} 22. Qh5 f5 $15) 22... Kxh7 {The position is equal.} 23. Qh5+ Kg8 24. Qxf7+ Kh8 25. Qh5+ Kg8 {[#] White must now prevent ...Rxd1+.} 26. Qf7+ Kh8 27. Qh5+ Kg8 {Threatens to win with ...Rxd1+.} 28. Qf7+ {Weighted Error Value: White=0.22/Black=0.22} 1/2-1/2

[Event "EWCCC Online Preliminary-D 2020"]
[Site "Online"]
[Date "2020.12.19"]
[Round "8.4"]
[White "Fink-Nunn, Petra"]
[Black "Trippold, Denise"]
[Result "1-0"]
[WhiteElo "1966"]
[BlackElo "2137"]
[Annotator "TA"]
[PlyCount "105"]
[EventDate "2020.12.19"]
[EventType "team-tourn"]
[EventCountry "NET"]
[SourceTitle "playchess.com"]
[Source "ChessBase"]
[SourceQuality "1"]

{[%evp 14,105,23,6,36,-9,-12,-6,-1,0,2,-1,10,3,0,-29,-72,-71,-75,-77,-72,-73,-64,-68,35,-53,34,-74,83,90,156,153,211,210,233,232,214,213,207,211,241,230,243,208,282,263,289,200,190,196,314,314,308,300,307,299,389,371,513,510,518,197,1198,1076,29994,29989,29989,29990,29992,5381,29995,29993,29993,29993,29993,29994,29994,1511,1281,1365,6326,6222,29991,29992,29992,29993,29997,29994,29994,29994,29997,29998,29998,29999]} 1. e4 c5 2. Nf3 e6 3. d4 cxd4 4. Nxd4 Nc6 5. Nc3 Qc7 6. g3 a6 7. Bg2 Nf6 8. O-O h5 {8...Nxd4 is the modern continuation. B47: Sicilian: Taimanov: 5 Nc3 Qc7 6 f4, 6 g3 and 6 Be2.} 9. Re1 Nxd4 $1 10. Qxd4 {Black must now prevent Bf4.} Bc5 {The position is equal.} 11. Bf4 d6 $1 12. Qd2 {Threatens to win with e5.} Ng4 13. Re2 {Black should prevent b4!} Qd7 14. Rd1 {[%cal Rf4d6]} e5 {[#]} 15. Be3 $146 ({Predecessor:} 15. Bg5 f6 16. Be3 Nxe3 17. fxe3 h4 18. Nd5 Qf7 19. b4 Ba7 20. Qc3 Bg4 21. Nc7+ {0-1 (47) Kernazhitsky,L (2292)-Holm,K (2353) Kecskemet 2015}) 15... Nxe3 16. fxe3 h4 17. gxh4 Qd8 18. Bf3 b5 (18... Rxh4 $15 19. Nd5 Be6) 19. Nd5 ({Better is} 19. h5 $14) 19... Be6 (19... Rxh4 $15 20. Rg2 Kf8) 20. Kh1 (20. h5 $14) 20... Rc8 $2 (20... Rxh4 $17 21. a3 Kf8) 21. Rg1 $16 {White leaves nothing to chance now.} g6 ({Black should play} 21... Bxd5 22. Qxd5 Qf6) 22. h5 $1 {[%cal Rh5g6]} g5 (22... gxh5 $16 23. Reg2 Kd7) 23. Reg2 f6 24. Bg4 Bxd5 25. exd5 Rc7 26. Rf1 Rf7 27. Qd3 Rh6 28. Rgf2 Qb6 29. Rf3 b4 30. Qf5 {Hoping for Qe6+.} Qc7 31. Qe6+ Qe7 (31... Kf8 {is a better defense.} 32. e4 (32. Rxf6 Rhxf6 33. Rxf6 Rxf6 $18) 32... Kg7) 32. Qc8+ $18 Qd8 33. Qxa6 e4 34. Rg3 Rh8 35. Qe2 Qa8 36. Qb5+ Kf8 37. Qc6 $2 (37. Be6 Qb7 38. Qc4) 37... Qxa2 $2 (37... Qd8 38. Qa6 Rh6) 38. Be6 Rhh7 39. Bxf7 Rxf7 40. Qc8+ Kg7 {[#]} 41. Qf5 (41. h6+ $142 $1 Kh7 {[#]} (41... Kxh6 42. Qh8+) 42. Rxg5 $1 {[%mdl 576] Pin} Qa8 43. Qxa8 fxg5 44. Rxf7+ Kg6 45. Rg7+ Kh5 46. Qc8 Kh4 47. h7 Bxe3 48. h8=Q#) 41... Qxb2 42. h6+ Kf8 43. h7 Rxh7 44. Qxh7 Qe5 45. Qf5 (45. Rh3 $142 Ke8 46. Qg8+ Kd7 47. Rh8 Qxh2+ 48. Kxh2 Kc7 49. Qb8+ Kd7 50. Rh7#) 45... Qxf5 46. Rxf5 Ke7 47. Rh3 Bb6 48. Rh7+ {White mates.} Ke8 49. Rxf6 Bxe3 50. Re6+ Kf8 51. Rxe4 Bd2 52. Rc4 {[%cal Rc4c8]} Kg8 53. Ra7 {Weighted Error Value: White=0.26/Black=0.62} 1-0

[Event "EWCCC Online Preliminary-D 2020"]
[Site "Online"]
[Date "2020.12.19"]
[Round "9.1"]
[White "Heinemann, Josefine"]
[Black "Olde, Margareth"]
[Result "0-1"]
[WhiteElo "2302"]
[BlackElo "2233"]
[Annotator "TA"]
[PlyCount "84"]
[EventDate "2020.12.19"]
[EventType "team-tourn"]
[EventCountry "NET"]
[SourceTitle "playchess.com"]
[Source "ChessBase"]
[SourceQuality "1"]

{[%evp 21,84,18,25,19,26,26,31,25,44,0,0,-3,44,15,37,39,22,24,26,30,43,32,50,71,160,148,202,49,162,156,167,87,85,-131,-127,-172,-9,-425,-405,-414,-399,-402,-274,-283,-285,-307,-253,-237,-215,-309,-53,-426,-399,-489,-493,-647,-277,-480,-482,-478,-466,-2327,-2253,-29987,-29988]} 1. e4 e5 2. Nf3 Nc6 3. Bb5 a6 4. Ba4 Nf6 5. O-O Be7 6. Re1 b5 7. Bb3 d6 8. c3 O-O 9. h3 Nb8 10. d4 Nbd7 11. Nbd2 {[%cal Bb1d2,Bd2f1,Bf1g3][%mdl 32]} c5 12. Nf1 {C95: Closed Ruy Lopez: Breyer Variation with 10 d4.} Re8 13. Ng3 Bf8 14. a4 {White is slightly better.} Rb8 {[#]} 15. Ng5 $146 ({Predecessor:} 15. Bc2 g6 16. Bg5 h6 17. Be3 Bg7 18. Qc1 Kh7 19. Rd1 Qc7 20. axb5 axb5 21. b4 cxd4 22. cxd4 {½-½ (108) Sasikiran,K (2673)-Kovalev,V (2661) Poikovsky 2019}) 15... c4 16. Bc2 Qc7 17. Be3 g6 18. b4 exd4 19. Bxd4 Bg7 20. f4 Bb7 21. Qd2 h6 22. Nf3 h5 (22... Ra8 $142) 23. a5 Bh6 (23... Qd8 $16) 24. Ng5 $2 (24. Nh4 $1 $18) 24... h4 (24... Re7 $1 $14) 25. Nf1 $18 Nh5 26. Qf2 (26. Nh2 $1 $18) 26... f6 27. Qxh4 $2 (27. Nf3 $1 $16 {is forced if you want to stay better.}) 27... fxg5 $17 28. fxg5 {[#]} Bg7 $2 (28... Qd8 $1 $19 29. Qg4 Bg7) 29. g4 $2 {[%mdl 8192]} (29. Bd1 $1 $11 {and White stays safe.}) 29... Bxd4+ $19 30. cxd4 Nf4 31. Qg3 Ne6 32. Qe3 Ndf8 33. Ng3 Qe7 34. h4 Qh7 35. d5 (35. h5 $142) 35... Ng7 $2 ({Better is} 35... Qxh4 $19 36. dxe6 Nxe6) 36. Qf4 $2 {[%mdl 8192]} (36. h5 $1 $15) 36... Qxh4 37. Rf1 Nh7 38. Kg2 {Hoping for Qf7+.} Qxg5 (38... Nxg5 $2 39. Rh1 $19) (38... Rf8 $142 39. Qxd6 Qxg4) 39. Qf7+ $2 (39. Qxg5 Nxg5 40. Rf6) 39... Kh8 {aiming for ...Rf8.} 40. Rh1 {Black must now prevent Rxh7+!} Qd2+ {[%mdl 64] Double Attack} ({Wrong is} 40... Rf8 $2 {[#]} 41. Rxh7+ $1 {[%mdl 512]} Kxh7 42. Rh1+ Qh6 43. Rxh6+ Kxh6 44. Qe7 $18) 41. Kg1 (41. Qf2 $142 Qxf2+ 42. Kxf2) 41... Rf8 42. Nf1 Qd4+ {[%mdl 64] Double Attack.  Weighted Error Value: White=1.24/Black=0.47} 0-1

[Event "EWCCC Online Preliminary-D 2020"]
[Site "Online"]
[Date "2020.12.19"]
[Round "9.1"]
[White "Narva, Mai"]
[Black "Unuk, Laura"]
[Result "1-0"]
[WhiteElo "2276"]
[BlackElo "2346"]
[Annotator "TA"]
[PlyCount "39"]
[EventDate "2020.12.19"]
[EventType "team-tourn"]
[EventCountry "NET"]
[SourceTitle "playchess.com"]
[Source "ChessBase"]
[SourceQuality "1"]

{[%evp 11,38,11,29,29,29,29,20,5,12,4,6,-5,12,20,19,14,147,143,263,252,262,195,29996,29997,29997,29998,29998,29999,29999]} 1. e4 c6 2. Nc3 d5 3. Nf3 Bg4 4. h3 Bxf3 5. Qxf3 e6 6. d4 dxe4 7. Qxe4 {B11: Caro-Kann: Two Knights Variation.} Nf6 8. Qd3 Nbd7 9. Be2 {The position is equal.} Bd6 10. O-O O-O 11. Bg5 Qc7 {[#]} 12. Ne4 $146 ({Predecessor:} 12. Bf3 h6 13. Bxf6 Nxf6 14. Ne4 Nxe4 15. Qxe4 Rfe8 16. c3 Rad8 17. Rad1 g6 18. Rfe1 {0-1 (55) Redondo Benavente,J (2206)-Cruz Lledo,P (2414) Linares 2016}) 12... Nxe4 13. Qxe4 h6 {[#]} (13... Rae8 $11 {remains equal.}) 14. Bd3 $1 $16 {[%csl Gd3][%cal Re4h7]} f5 (14... g6 $16 15. Bxh6 Rfe8) 15. Qxe6+ $18 Kh8 16. Qg6 $40 {[%mdl 128] Hoping for Bxh6! White wants a kill.} ({Less strong is} 16. Bxf5 Rxf5 17. Qxf5 Rf8 $16) 16... hxg5 $2 (16... Nf6 $18) 17. Qh5+ {White mates.} ({Inferior is} 17. Bxf5 Nf6 $17) 17... Kg8 18. Bc4+ Rf7 19. Qxf7+ {[%mdl 64] [#] Double Attack} Kh8 20. Qh5# {Weighted Error Value: White=0.13/Black=0.86} 1-0

[Event "EWCCC Online Preliminary-D 2020"]
[Site "Online"]
[Date "2020.12.19"]
[Round "9.1"]
[White "Trippold, Denise"]
[Black "Olde, Grete"]
[Result "1-0"]
[WhiteElo "2137"]
[BlackElo "1915"]
[Annotator "TA"]
[PlyCount "73"]
[EventDate "2020.12.19"]
[EventType "team-tourn"]
[EventCountry "NET"]
[SourceTitle "playchess.com"]
[Source "ChessBase"]
[SourceQuality "1"]

{[%evp 18,72,13,0,76,87,83,76,98,36,8,-22,227,222,374,362,377,341,496,449,490,324,304,292,368,114,260,259,260,260,264,258,254,259,243,194,283,216,480,458,416,165,279,232,244,230,378,207,186,175,168,86,29997,29998,29998,29999,29999]} 1. d4 d5 2. c4 e6 3. Nf3 Nf6 4. g3 Be7 5. Bg2 O-O 6. O-O dxc4 7. Qc2 a6 8. a4 Bd7 9. Rd1 Bc6 10. Nc3 {10.Bg5 is the hot move.} Nbd7 {E05: Open Catalan: 5 Nf3 Be7.} (10... Bxf3 $11 {keeps the balance.} 11. Bxf3 Nc6) 11. e4 $1 $16 {Strongly threatening d5.} b5 12. d5 $1 {[%cal Rd5c6]} exd5 {White is better.} 13. exd5 (13. e5 $1 $16) 13... Bb7 $14 {[#]} 14. Nh4 $146 {aiming for d6.} (14. Nd4 $5 {[%cal Rd4c6]} Bc5 15. Nc6 $11) ({Predecessor:} 14. Nd4 Bd6 15. Nc6 Bxc6 16. dxc6 Ne5 17. axb5 axb5 18. Rxa8 Qxa8 19. Nxb5 Qa5 20. Nxd6 cxd6 {1-0 (66) Kourkoulos Arditis,S (2457)-Koutoukidis,P (2412) Thessaloniki 2019}) 14... Nb6 $2 (14... Bc5 $11 {and Black has nothing to worry.}) 15. d6 $1 $18 {[%cal Rd6e7][%mdl 64] Discovered Attack} cxd6 $2 (15... Bxg2 16. dxe7 Qxe7) 16. Bxb7 Ra7 17. Bg2 d5 (17... b4 {was called for.} 18. Ne2 d5) 18. Nf5 Bc5 19. Be3 Bxe3 20. fxe3 b4 21. Ne2 $2 (21. a5 $18 {is more deadly.} bxc3 22. axb6 Qxb6 23. Qxc3) 21... Re8 (21... g6 $16 {is a better defense.}) 22. a5 Nc8 23. Qd2 Rd7 24. Qxb4 g6 25. Nfd4 Rxe3 26. Ra3 Qe8 (26... Rxa3 $142 27. Qxa3 Nd6) 27. Qd2 Rde7 $2 (27... Rxa3 28. bxa3 Nd6) 28. Rxe3 Rxe3 29. h3 $2 (29. Rf1 Qe5 30. Rxf6 $1 {[%mdl 512]} Rxe2 31. Nxe2 Qxf6 32. Qxd5) 29... Nh5 (29... Nd6 $142 30. Rf1 Kg7) 30. Kh2 (30. Bxd5 $6 Rd3 $16) 30... Nd6 {[#]} 31. Rf1 $1 ({Don't do} 31. Bxd5 $6 Qe5 $16) 31... Nf5 (31... c3 {was necessary.} 32. bxc3 Nc4) 32. Nxf5 (32. Rxf5 $142 gxf5 33. Bf3 (33. Bxd5 Qe5 $16) 33... Rxf3 34. Nxf3) 32... Rxe2 33. Nh6+ {[%mdl 64] Discovered Attack} ({But not} 33. Qxd5 gxf5 34. Rxf5 Ng7 $16) 33... Kg7 34. Qg5 (34. Rxf7+ $18 Qxf7 35. Qxe2 Kxh6 36. Qd2+ {[%mdl 64] Double Attack} Kg7 37. Bxd5) 34... Qe4 $2 {[%mdl 8192]} (34... f6 $16 35. Rxf6 Rxg2+ 36. Kxg2 Nxf6 37. Nf5+ Kg8 38. Nh6+ Kg7 39. Nf5+ Kg8 40. Nh6+ Kg7) 35. Rxf7+ {White mates.} Kh8 36. Rf8+ Kg7 37. Rg8# {Accuracy: White = 52%, Black = 26%.} 1-0

[Event "EWCCC Online Preliminary-D 2020"]
[Site "Online"]
[Date "2020.12.19"]
[Round "9.1"]
[White "Narva, Triin"]
[Black "Hrescak, Ivana"]
[Result "0-1"]
[WhiteElo "2100"]
[BlackElo "2212"]
[Annotator "TA"]
[PlyCount "70"]
[EventDate "2020.12.19"]
[EventType "team-tourn"]
[EventCountry "NET"]
[SourceTitle "playchess.com"]
[Source "ChessBase"]
[SourceQuality "1"]

{[%evp 19,70,-18,-1,-31,-31,-26,-23,-45,-30,-26,0,-66,-22,-56,34,29,63,61,175,198,206,207,335,361,352,-119,-120,-121,-139,-129,-135,-142,-87,-100,-104,-107,-100,-102,-96,-120,-131,-151,-140,-224,-177,-224,-224,-364,-378,-370,-362,-325,-243]} 1. e4 c5 2. Nc3 Nc6 3. g3 g6 4. Bg2 Bg7 5. d3 d6 6. f4 e6 7. Nf3 Nge7 8. O-O O-O 9. Be3 a6 {9...b6 gains popularity.} 10. a4 Rb8 11. g4 {B25: Closed Sicilian: 3 g3, lines without early Be3.} f5 12. gxf5 exf5 {[#]} 13. Qe1 $146 {Black has an edge.} ({Predecessor:} 13. e5 dxe5 14. Nxe5 Nxe5 15. fxe5 Bxe5 16. Bxc5 Bxh2+ 17. Kh1 Bd6 18. Be3 Be6 19. Re1 {0-1 (26) Pernerstorfer,M (1930)-Rittler,R (2194) Innsbruck 2020}) 13... b5 14. axb5 axb5 15. Qh4 (15. Qf2 $11) 15... b4 $1 $15 {[%cal Rb4c3]} 16. Nd1 (16. Ng5 $2 h6 $19) 16... Bd7 (16... Nd4 $15 17. Bxd4 cxd4) 17. e5 $14 dxe5 18. fxe5 Nxe5 (18... f4 $14 19. Bxf4 (19. Bxc5 h6 $14) 19... Nf5 20. Qxd8 Rbxd8) 19. Nxe5 $18 (19. Bxc5 N7c6 $11) 19... Bxe5 {[#]} 20. Bg5 $1 {[%cal Rg5e7]} ({Stronger than} 20. Bxc5 Rf7 $14) ({Inferior is} 20. Ra7 Nc8 $15) 20... Rf7 {[#]} (20... Bc6 {keeps fighting.}) 21. Bd5 $1 {[%mdl 576] Pin} Bc6 (21... Nxd5 22. Bxd8) 22. Bxc6 $2 (22. Bxf7+ $18 Kxf7 23. Qxh7+ Bg7 24. Re1) 22... Qd4+ $17 23. Qxd4 Bxd4+ 24. Kg2 {Strongly threatening Bd7.} Nxc6 25. Ra6 Ne7 (25... Rc8 $142 26. h3 Rd7) 26. Re1 Nd5 27. Rd6 Nc7 28. Rc6 Nb5 29. Bf4 Ra8 30. Rb6 Nc7 31. c3 (31. Bg5 $17) 31... bxc3 32. bxc3 Nd5 {[%mdl 64] Double Attack} 33. cxd4 (33. Rb8+ $142 Rxb8 34. Bxb8 Nxc3 35. Re8+ Kg7 36. Nxc3 Bxc3 37. Rc8) 33... Nxb6 $19 ({Much less strong is} 33... Nxf4+ 34. Kf3 $19) 34. dxc5 Nd5 35. Bd6 Ra2+ {Quite a comeback for Black.  Weighted Error Value: White=0.49/Black=0.31} 0-1